00445nam a22001097a 4500008004100000082001700041110000900058245018400067260004300251300001000294440003100304230605b xxu||||| |||| 00| 0 eng d a328.052bJLS d2015 aThe Journal of Legislative StudiescTaylor & FrancisbGovernment-Opposition Dynamics in Southern European Countries during the Economic Crisis. Great Recession, Great Cooperation? aUnited KingdombTaylor & Francisc2015 a456 p x13572334n3pSeptemberv21